• 首页
  • 本馆介绍
  • 公告通知
  • 最新文献
  • 馆藏检索
  • 电子资源
  • 读者导购
  • 参考咨询
  • 我的图书馆
  • 登录
  • 详细信息显示
  • 放入我的书架
  • 预约/预借图书
  • 作者相关作品
  • 分类相关作品
  • 丛书相关作品
  • 出版社相关作品

书目信息

  • 表格格式
  • 工作单格式
  • 卡片格式
题名:
日本大化革新
    
 
作者: 禹硕基 著
分册:  
出版信息: 北京   商务印书馆  1985
页数: 360页
开本: 19cm
丛书名: 外国历史小丛书
单 册:
中图分类: K313.23
科图分类:
主题词: 大化革新(645~701)
电子资源:
ISBN:
000 00692nam2 2200265 45
001 0185009123
005 20040513085050.0
010    @dCNY0.19
091    @a11017.691
100    @a19901008d1985 em y0chiy0121 ea
101 0  @achi
102    @aCN@b110000
105    @ay z 000yd
106    @ar
200 10 @a日本大化革新@Ari ben da hua ge xin@f禹硕基著
210    @a北京@c商务印书馆@d1985
215    @a360页@d19cm
225 2  @a外国历史小丛书
410  0 @120010@a外国历史小丛书
606    @a大化革新(645~701)
690    @aK313.23@v3
701  0 @a禹硕基@Ayu shuo ji@4著
801  0 @aCN@b深圳图书馆@c20040513
801  2 @aCN@bNLC@c20040513
905    @f3@b217726-728@dK313.23@e18
    
    日本大化革新/禹硕基著.-北京:商务印书馆,1985
    360页;19cm.-(外国历史小丛书)
    
    
    ISBN :CNY0.19
    
●
相关链接 在E读中查询图书 在五车中查询图书 在当当中查询图书 在豆瓣中查询图书


正题名:日本大化革新     索取号:K313.23/18         预约/预借

序号 登录号 条形码 馆藏地/架位号 状态 备注
1 0217726   000359169   第二样本阅览室/ [索取号:K313.23/18] 在馆    
2 0217727   000359123   第二借阅区/ [索取号:K313.23/18] 在馆    
3 0217728   001694036   密集书库/ [索取号:K313.23/18] 在馆    
唐山师范学院图书馆 欢迎您!
大连网信软件有限公司© 版权所有